| 000 | 00454nam a22001817a 4500 | ||
|---|---|---|---|
| 003 | CEME | ||
| 005 | 20210628203044.0 | ||
| 008 | 210416b xxu||||| |||| 00| 0 eng d | ||
| 020 | _a0-02-337130-7 | ||
| 040 | _c. | ||
| 082 | _a621.38152 FER | ||
| 100 |
_aFerry, David K _963057 |
||
| 245 | _aSemiconductors | ||
| 260 |
_aNEW YORK _bMACMILLAN & CO _c1991 |
||
| 300 | _aXV,608 | ||
| 650 |
_aSEMICONDUCTORS, TRANSPORT THEORY _963058 |
||
| 942 |
_cBK _2ddc |
||
| 999 |
_c571998 _d571998 |
||